Statistics for Click a Valid Country Flag, Shape, or Flag Shape #1

Click here to take the quiz!

General Stats

  • This quiz has been taken 22 times
  • The average score is 30 of 36

Answer Stats

QuestionTileSelect% Correct
That Are in AfricaNo
100%
That Are in AfricaNo
100%
That Are in AfricaNo
100%
That Are in AfricaNo
100%
That Are in AfricaNo
95%
That Are in AfricaYes
89%
That Are in NATONo
89%
That Have a Population Greater than Vatican CityYes
89%
That Are in NATONo
89%
That Are in AfricaYes
84%
That Are in AfricaNo
84%
That Have a Capital City Starting with the Letters M or RNo
84%
That Have a Capital City Starting with the Letters M or RNo
84%
That Have a Capital City Starting with the Letters M or RYes
84%
That Are in NATONo
84%
That Are in NATONo
84%
That Have a Population Greater than Vatican CityYes
84%
That Have a Population Greater than Vatican CityYes
84%
That Have a Population Greater than Vatican CityYes
84%
That Have a Population Greater than Vatican CityYes
84%
That Are in AfricaNo
84%
That Have a Population Greater than Vatican CityYes
84%
That Have a Population Greater than Vatican CityYes
84%
That Have a Capital City Starting with the Letters M or RNo
79%
That Have a Capital City Starting with the Letters M or RNo
79%
That Are in NATOYes
79%
That Are in NATONo
79%
That Have a Population Greater than Vatican CityYes
79%
That Have a Population Greater than Vatican CityYes
79%
That Have a Capital City Starting with the Letters M or RNo
74%
That Have a Capital City Starting with the Letters M or RNo
74%
That Are in NATONo
74%
That Are in NATONo
68%
That Have a Capital City Starting with the Letters M or RYes
68%
That Are in NATONo
68%
That Have a Capital City Starting with the Letters M or RYes
63%

Score Distribution

Percentile by Number Answered

Percent of People with Each Score

Your Score History

You have not taken this quiz